La Europa del antiguo régimen (Record no. 110967)

MARC details
000 -LEADER
campo de control de longitud fija 00540nam a2200181 4500
001 - NÚMERO DE CONTROL
campo de control 110967
003 - IDENTIFICADOR DE NÚMERO DE CONTROL
campo de control ES-MaACL
005 - FECHA Y HORA DE LA ÚLTIMA TRANSACCIÓN
campo de control 20230906185219.0
007 - CAMPO FIJO DE DESCRIPCIÓN FÍSICA--INFORMACIÓN GENERAL
campo de control de longitud fija t|
008 - DATOS DE LONGITUD FIJA--INFORMACIÓN GENERAL
campo de control de longitud fija 061121s1973 sp r ||||1| spa d
100 1# - ENTRADA PRINCIPAL--NOMBRE DE PERSONA
Nombre de persona Ogg, David.
9 (RLIN) 86569
245 13 - MENCIÓN DEL TÍTULO
Título La Europa del antiguo régimen
Resto del título : 1715-1783 /
Mención de responsabilidad, etc. David Ogg; traducción de Carlos Manzano.
250 ## - MENCION DE EDICION
Mención de edición 1ª. ed.
260 ## - PUBLICACIÓN, DISTRIBUCIÓN, ETC.
Lugar de publicación, distribución, etc. Madrid :
Nombre del editor, distribuidor, etc. Siglo XXI,
Fecha de publicación, distribución, etc. 1973.
300 ## - DESCRIPCIÓN FÍSICA
Extensión VII, 393 p. ;
Dimensiones 18 cm +
Material acompañante/anejo 4 map.
700 1# - ENTRADA AGREGADA--NOMBRE PERSONAL
Nombre de persona Manzano, Carlos.
9 (RLIN) 76216
852 ## - LOCALIZACIÓN
Ubicación ES-MaACL
Número de control de estantería C-56202
Sublocalización o colección R.88883
Holdings
Estatus retirado Estado de pérdida Estado de daño No para préstamo Biblioteca de origen Biblioteca actual Ubicación en estantería Fecha de adquisición Fuente de adquisición Total de préstamos Signatura topográfica completa Código de barras Visto por última vez Precio de reemplazo Tipo de ítem Koha
        Biblioteca del Ateneo de Madrid Biblioteca del Ateneo de Madrid Depósito 2 17/01/2008     C-56202 1115779 23/02/2023 23/02/2023 Libro impreso